00000000cam 2200000zi 4500
0019.957660
003CaOODSP
00520251210113221
006m     o  d f      
007cr cn ||||||||
008251125t20252025nkcbdo  ob   f000 0 eng d
020 |a9780660798981
040 |aCaOODSP|beng|erda|cCaOODSP
041 |aeng|beng|bfre
043 |an-cn-ns
0861 |aFs97-6/3740E-PDF
1001 |aTeed, Laura L., |eauthor.
24510|aNear-seafloor optical imagery surveys conducted in 2023 and 2024 across the St. Anns Bank Marine Protected Area, Nova Scotia, Canada : |bimage annotations of taxa and morphotypes for community composition / |cLaura L. Teed, Peter Lawton, F. Javier Murillo.
264 1|aSt. Andrews, New Brunswick : |bSt. Andrews Biological Station, Fisheries and Oceans Canada, |c2025.
264 4|c©2025
300 |a1 online resource (vii, 252 pages) : |bmaps, colour photographs, colour chart.
336 |atext|btxt|2rdacontent
337 |acomputer|bc|2rdamedia
338 |aonline resource|bcr|2rdacarrier
4901 |aCanadian technical report of fisheries and aquatic sciences, |x1488-5379 ; |v3740
504 |aIncludes bibliographical references (pages 17-20).
546 |aIncludes abstracts in English and French.
650 0|aMarine photography|zScotian Shelf.
650 0|aUnderwater imaging systems|zScotian Shelf.
650 0|aMarine organisms|zScotian Shelf|vIdentification.
650 0|aMarine benthic ecology|zScotian Shelf.
650 6|aMarines (Photographie)|zNéo-écossaise, Plateforme.
650 6|aImagerie sous-marine|zNéo-écossaise, Plateforme.
650 6|aOrganismes marins|zNéo-écossaise, Plateforme|vIdentification.
650 6|aÉcologie marine benthique|zNéo-écossaise, Plateforme.
7101 |aCanada. |bDepartment of Fisheries and Oceans. |bBiological Station (St. Andrews, N.B.), |eissuing body.
830#0|aCanadian technical report of fisheries and aquatic sciences ;|v3740.|w(CaOODSP)9.504449
85640|qPDF|s11.1 MB|uhttps://publications.gc.ca/collections/collection_2025/mpo-dfo/fs97-6/Fs97-6-3740-eng.pdf